[Event "Asia-ch Seniors 9th"]
[Site "Tagaytay City"]
[Date "2018.11.04"]
[Round "2"]
[White "Buciu, Aurel John"]
[Black "Sabah, Iraj"]
[Result "0-1"]
[WhiteElo "1687"]
[BlackElo "2043"]
[PlyCount "68"]
[EventDate "2018.11.04"]
[EventType "swiss"]
[EventRounds "9"]
[EventCountry "PHI"]
[SourceTitle "EXT 2021"]
[Source "ChessBase"]
[SourceDate "2020.10.23"]
[SourceVersion "1"]
[SourceVersionDate "2020.10.23"]
[SourceQuality "1"]

1. d4 Nf6 2. Nf3 b6 3. Bf4 Bb7 4. e3 g6 5. Be2 Bg7 6. Nbd2 d6 7. c3 Nbd7 8. 0-0 0-0 9. a4 a5 10. Re1 Qe8 11. Nf1 e5 12. dxe5 dxe5 13. Bg3 Rd8 14. Qc2 Be4 15. Qb3 Nc5 16. Qa3 Nh5 17. Red1 Rxd1 18. Rxd1 Nxg3 19. Nxg3 Bc2 20. Rd2 Qxa4 21. Qxa4 Bxa4 22. Bc4 h6 23. Nh4 Kh7 24. e4 Bc6 25. Bd5 Bb5 26. Nf3 Bf6 27. Ba2 Kg7 28. Ne1 Rd8 29. Rd5 c6 30. Rxd8 Bxd8 31. f3 Be7 32. Kf2 Na4 33. c4 Ba6 34. Ne2 Nxb2 0-1